000 00690cam a22002293a 4500
001 24071
003 PGUSA
005 20140828083520.0
008 071229s2007||||xxu|||||s|||||000 1 eng d
040 _aPGUSA
_beng
042 _adc
050 4 _aPZ
100 1 _aChambers, Robert W.
_q(Robert William),
_d1865-1933
245 1 0 _aSpecial Messenger
_h[electronic resource] /
_cRobert W. Chambers
260 _bProject Gutenberg,
_c2007
506 _aPublic domain in the USA.
516 _aElectronic text
653 _aUnited States -- History -- Civil War, 1861-1865 -- Fiction
830 0 _aProject Gutenberg
_v24071
856 4 0 _uhttp://www.gutenberg.org/ebooks/24071
942 _cEB
999 _c253326
_d253326